CompTIA A+ certification all-in-one exam guide, eighth edition (exams 220-801 & 220-802) (رقم التسجيلة. 32980)
[ عرض عادي ]
| 000 -الفاتح | |
|---|---|
| حقل البيانات ثابتة الطول | 01606cam a2200457 a 4500 |
| 001 - رقم الضبط | |
| رقم الضبط | 10553635 |
| 003 - محدد رقم الضبط | |
| رقم الضبط | OSt |
| 005 - وقت وتاريخ اخر تعامل مع التسجيلة | |
| رقم الضبط | 20150408114201.0 |
| 006 - عناصر البيانات ثابتة الطول - خصائص المادة الاضافية-معلومات عامة | |
| حقل البيانات ثابتة الطول | m o d |
| 007 - الحقل الثابت للوصف المادى- معلومات عامة | |
| حقل البيانات ثابتة الطول | cr zn| |
| 008 - عناصر البيانات ثابتة الطول - معلومات عامة | |
| حقل البيانات ثابتة الطول | 131002s2012 nyua o 001 0 eng d |
| 020 ## - الرقم الدولى المعيارى للكتب | |
| الرقم الدولى المعيارى للكتاب | 9780071795111 |
| 020 ## - الرقم الدولى المعيارى للكتب | |
| الرقم الدولى المعيارى للكتاب | 0071795111 |
| 020 ## - الرقم الدولى المعيارى للكتب | |
| الرقم الدولى المعيارى للكتاب الملغى /الخاطئ | 9780071795128 |
| 020 ## - الرقم الدولى المعيارى للكتب | |
| الرقم الدولى المعيارى للكتاب الملغى /الخاطئ | 007179512X |
| 035 ## - رقم ضبط النظام | |
| رقم ضبط النظام | (CtWfDGI)bks00047603 |
| 035 ## - رقم ضبط النظام | |
| رقم ضبط النظام | (NNC)10553635 |
| 040 ## - مصدر الفهرسة | |
| وكالة الفهرسة الأصلية | CtWfDGI |
| لغة الفهرسة | eng |
| وكالة النسخ | CtWfDGI |
| 050 14 - رقم طلب مكتبة الكونجرس | |
| رقم التصنيف | QA76.3 |
| رقم المادة | .M48 2012eb |
| 082 04 - رقم تصنيف ديوى العشرى | |
| رقم التصنيف | 621.39092076 |
| رقم الطبعة | 23 |
| رقم المادة | MMC |
| 100 1# - المدخل الرئيسى - إسم شخصى | |
| الإسم الشخصى | Meyers, Michael, |
| التواريخ المصاحبة للاسم | 1961- |
| 245 10 - بيان العنوان | |
| العنوان | CompTIA A+ certification all-in-one exam guide, eighth edition (exams 220-801 & 220-802) |
| الوسيط | [electronic resource] / |
| بيان المسئوليه,etc | Mike Meyers. |
| 250 ## - بيان الطبعة | |
| بيان الطبعة | 8th ed. |
| 256 ## - خصائص ملف الحاسب | |
| خصائص ملف الحاسب | Computer document. |
| 260 ## - PUBLICATION, DISTRIBUTION, ETC. (IMPRINT) | |
| مكان الناشر او الموزع | New York : |
| اسم الناشر او الموزع | McGraw-Hill, |
| تاريخ النشر أو التوزيع | c2012 |
| مكان الصناعة | (Norwood, Mass. : |
| المنتج | Books24x7.com [generator]) |
| 500 ## - تبصرة عامة | |
| تبصرة عامة | Title from title screen. |
| 500 ## - تبصرة عامة | |
| تبصرة عامة | Includes index. |
| 516 ## - تبصرة نوع البيانات او ملفات الحاسب | |
| تبصرة نوع أو بيانات ملف الحاسب | Text. |
| 530 ## - تبصرة أشكال مادية أخرى متاحة | |
| اشكال ماديه اخرى متاحة للعنصر | Available also in a print ed. |
| 538 ## - تبصرة تفاصيل النظام | |
| تبصرة التفاصيل الفنية لملف الحاسب | Mode of access: Internet via World Wide Web. |
| 550 ## - تبصرة الهيئة الناشرة | |
| تبصرة الهيئة الناشرة | Digitized and made available by: Books24x7.com. |
| 650 #0 - المدخل الاضافى بالموضوع-مصطلح موضوعى | |
| مصطلح موضوعي أو اسم جغرافي كعنصر مدخل | Computer technicians |
| التقسيم الفرعي العام | Certification. |
| 650 #0 - المدخل الاضافى بالموضوع-مصطلح موضوعى | |
| مصطلح موضوعي أو اسم جغرافي كعنصر مدخل | Microcomputers |
| التقسيم الفرعي العام | Maintenance and repair |
| -- | Examinations |
| التقسيم الفرعي الشكلي | Study guides. |
| 9 (RLIN) | 41684 |
| 650 #0 - المدخل الاضافى بالموضوع-مصطلح موضوعى | |
| مصطلح موضوعي أو اسم جغرافي كعنصر مدخل | Electronic data processing personnel |
| التقسيم الفرعي العام | Certification. |
| 655 #7 - مصطلح تكشيفى-نوع/شكل | |
| بيانات النوع/ الشكل أو المصطلح الأساسي | Electronic books. |
| مصدر المصطلح | lcsh |
| 9 (RLIN) | 4135 |
| 655 #0 - مصطلح تكشيفى-نوع/شكل | |
| بيانات النوع/ الشكل أو المصطلح الأساسي | Electronic books. |
| 9 (RLIN) | 4135 |
| 710 2# - المدخل الاضافى - اسم هيئه | |
| اسم الهيئة أو اسم السلطة كمدخل | Books24x7, Inc. |
| 9 (RLIN) | 17232 |
| 856 40 - الوصول و الموقع الالكترونى | |
| معرف المصدر الموحد | <a href="http://www.columbia.edu/cgi-bin/cul/resolve?clio10553635">http://www.columbia.edu/cgi-bin/cul/resolve?clio10553635</a> |
| تبصرة عامة | Click here for full text. |
| 942 ## - عناصر المدخل الإضافي( كوها) | |
| مصدر التصنيف او مخطط الترفيف | Dewey Decimal Classification |
| Koha [default] item type | DVD |
| حالة الفقد | نموذج السعر الفعال | حالة تلف | ليس للاعارة | رقم الطلب | تاريخ الاكتساب | الموقع الحالي | الفرع الرئيسي | Date last seen | نوع المادة فى نظام كوها | مصدر التصنيف او خطة الترفيف | Total Checkouts |
|---|---|---|---|---|---|---|---|---|---|---|---|
| 2014-01-07 | 621.39092076 MMC | 2014-01-07 | المكتبة المركزية بالمجمعة (CL) | المكتبة المركزية بالمجمعة (CL) | 2014-01-07 | كتاب | Dewey Decimal Classification |
